[Event "?"]
[Site "Siemens IMT Linz (01)"]
[Date "1993.??.??"]
[Round "?"]
[White "Baumgartner, H."]
[Black "Lechtynsky, J."]
[Result "1/2-1/2"]
[WhiteElo "2330"]
[BlackElo "2380"]
[PlyCount "62"]

1. Nf3 Nf6 2. g3 g6 3. b3 Bg7 4. Bb2 d6 5. d4 c5 6. Bg2 cxd4 7. Nxd4 d5 8. O-O
O-O 9. e3 Bg4 10. Qc1 Qd7 11. Re1 Rc8 12. Nd2 Bh3 13. Bh1 e5 14. N4f3 Nc6 15.
e4 Nxe4 16. Nxe4 dxe4 17. Rxe4 Bf5 18. Re1 Nd4 19. c4 Nxf3+ 20. Bxf3 f6 21. Qe3
Be6 22. Rad1 Qe7 23. Be4 Rc7 24. f4 f5 25. Bd5 e4 26. Bxg7 Kxg7 27. Qd4+ Kf7
28. Kf2 Bxd5 29. Qxd5+ Qe6 30. Ke3 a6 31. Re2 Rac8 1/2-1/2

[Event "?"]
[Site "Siemens IMT Linz (01)"]
[Date "1993.??.??"]
[Round "?"]
[White "Honfi, K."]
[Black "Casagrande, H."]
[Result "0-1"]
[WhiteElo "2350"]
[BlackElo "2365"]
[PlyCount "108"]

1. e4 d5 2. exd5 Nf6 3. Bb5+ Bd7 4. Be2 Nxd5 5. d4 e6 6. Nf3 Bd6 7. O-O Nf4 8.
Bxf4 Bxf4 9. c4 O-O 10. Nc3 Nc6 11. Qc2 Qf6 12. Rad1 Rad8 13. a3 Bc8 14. d5 Ne5
15. Rfe1 c6 16. dxc6 Nxc6 17. Rxd8 Rxd8 18. Rd1 h6 19. g3 Bb8 20. Rxd8+ Qxd8
21. b4 b6 22. Qd1 Qxd1+ 23. Nxd1 a5 24. b5 Ne5 25. Nb2 Nd7 26. Nd2 Bd6 27. a4
Nc5 28. f3 Be5 29. Nd3 Bd4+ 30. Kf1 Nxa4 31. Nb3 Be3 32. Ke1 Kf8 33. Ne5 Ke7
34. Bd3 Nc3 35. Nc6+ Kd6 36. Na1 Bb7 37. Nd8 Bxf3 38. Nxf7+ Kc5 39. Nc2 Bg1 40.
Ne5 Bg2 41. Kd2 Ne4+ 42. Ke2 Kd6 43. Ng4 Nf6 44. Nge3 Be4 45. Nf1 e5 46. h3
Bxd3+ 47. Kxd3 e4+ 48. Kc3 Kc5 49. g4 g6 50. Ng3 Bh2 51. Ne2 Be5+ 52. Kb3 a4+
53. Kxa4 Kxc4 54. Nb4 Nd7 0-1

[Event "?"]
[Site "Siemens IMT Linz (01)"]
[Date "1993.??.??"]
[Round "?"]
[White "Kranzl, P."]
[Black "Humer, W."]
[Result "1/2-1/2"]
[WhiteElo "2310"]
[BlackElo "2275"]
[PlyCount "100"]

1. e4 d6 2. d4 Nf6 3. Nc3 g6 4. f4 Bg7 5. Nf3 O-O 6. e5 dxe5 7. dxe5 Qxd1+ 8.
Kxd1 Nh5 9. Bd3 Bg4 10. Rf1 Nc6 11. Be3 f6 12. exf6 Bxf6 13. h3 Be6 14. Ne2 Nb4
15. g4 Ng7 16. Be4 Bxb2 17. Rb1 Rad8+ 18. Bd2 Ba3 19. Ke1 c5 20. Nc3 a6 21. Ne5
b5 22. Rf3 Rd4 23. Be3 Rxe4 24. Nxe4 Nxc2+ 25. Kd2 Bd5 26. Kxc2 Bxe4+ 27. Kb3
Bxb1 28. Kxa3 Ne6 29. Rf2 Rd8 30. Kb2 Rd1 31. f5 gxf5 32. gxf5 Ng7 33. Rg2 Bxf5
34. Bh6 Bg6 35. Nxg6 hxg6 36. Rxg6 Kh7 37. Rxa6 Nf5 38. Bg5 e5 39. h4 Rh1 40.
Rc6 Rh2+ 41. Kb1 c4 42. a4 Nd4 43. axb5 Nxb5 44. Rc5 Na3+ 45. Kc1 e4 46. Ra5
Rh3 47. Be7 Rh1+ 48. Kb2 Nb1 49. Bg5 c3+ 50. Kc2 Nd2 1/2-1/2

[Event "?"]
[Site "Siemens IMT Linz (01)"]
[Date "1993.??.??"]
[Round "?"]
[White "Kiss, L."]
[Black "Portisch, F."]
[Result "0-1"]
[WhiteElo "2255"]
[BlackElo "2400"]
[PlyCount "50"]

1. d4 Nf6 2. Nf3 g6 3. c4 Bg7 4. Nc3 O-O 5. e4 d6 6. Be2 e5 7. dxe5 dxe5 8.
Qxd8 Rxd8 9. Bg5 Re8 10. Nd5 Nxd5 11. cxd5 c6 12. Bc4 cxd5 13. Bxd5 Nc6 14.
Bxc6 bxc6 15. O-O Be6 16. Rfc1 Reb8 17. b3 a5 18. Be7 Rb6 19. Rab1 a4 20. bxa4
Rxb1 21. Rxb1 Bxa2 22. Rb4 f6 23. Nd2 Bf8 24. Bxf8 Kxf8 25. Nc4 c5 0-1

[Event "?"]
[Site "Siemens IMT Linz (01)"]
[Date "1993.??.??"]
[Round "?"]
[White "Rolletschek, H."]
[Black "Holzmann, H."]
[Result "1-0"]
[WhiteElo "2375"]
[BlackElo "2295"]
[PlyCount "139"]

1. e4 c5 2. Nf3 e6 3. d3 Nc6 4. g3 d5 5. Nbd2 Nf6 6. Bg2 dxe4 7. dxe4 Be7 8.
O-O O-O 9. Qe2 b6 10. e5 Nd5 11. a3 Bb7 12. c4 Nc7 13. Ne4 Ne8 14. Rd1 Qc7 15.
Bf4 Rd8 16. Rxd8 Nxd8 17. h4 Bc6 18. Rd1 Qb7 19. Ne1 Kh8 20. h5 h6 21. Qe3 f5
22. exf6 Nxf6 23. Nxf6 Bxf6 24. Be5 Bxe5 25. Qxe5 Bxg2 26. Nxg2 Qf3 27. Rd2 Nc6
28. Qxe6 Nd4 29. Qe7 Rf7 30. Qe8+ Kh7 31. Nf4 Rxf4 32. Qg6+ Kg8 33. gxf4 Qh3
34. Rxd4 cxd4 35. Qe8+ Kh7 36. Qe4+ Kh8 37. Qxd4 Qg4+ 38. Kf1 Qxh5 39. Qd8+ Kh7
40. Qd3+ Kh8 41. b4 Qg4 42. f5 Qf4 43. Qc2 Qf3 44. c5 bxc5 45. bxc5 Qc6 46. Kg1
h5 47. Qc4 Kh7 48. Kh2 Qf3 49. Qc2 Kh6 50. c6 h4 51. Qc5 Kh7 52. Qd6 Qxf2+ 53.
Kh3 Qxf5+ 54. Kxh4 Qf2+ 55. Kg4 Qg2+ 56. Kf5 Qh3+ 57. Ke4 Qg2+ 58. Kd3 Qf1+ 59.
Kd4 Qa1+ 60. Kc4 Qa2+ 61. Kb5 Qe2+ 62. Ka5 Qe1+ 63. Ka6 Qe3 64. c7 Qe8 65. Qd3+
g6 66. Qh3+ Kg7 67. c8=Q Qa4+ 68. Kb7 Qb5+ 69. Ka8 Qd5+ 70. Qb7+ 1-0

[Event "?"]
[Site "Siemens IMT Linz (02)"]
[Date "1993.??.??"]
[Round "?"]
[White "Lechtynsky, J."]
[Black "Kranzl, P."]
[Result "1-0"]
[WhiteElo "2380"]
[BlackElo "2310"]
[PlyCount "59"]

1. Nf3 Nf6 2. c4 g6 3. g3 Bg7 4. Bg2 O-O 5. O-O d6 6. d4 c6 7. Nc3 Qa5 8. e4
Qh5 9. e5 Ne8 10. Re1 dxe5 11. Nxe5 Qxd1 12. Nxd1 Nd6 13. Ne3 Na6 14. b3 Rd8
15. Ba3 Bf6 16. Rad1 h5 17. f4 Nf5 18. Nxf5 Bxf5 19. h3 Nc7 20. Kh2 Be6 21. Bf3
a5 22. Bc5 Ra6 23. a4 Kf8 24. g4 hxg4 25. hxg4 Bxe5 26. Rxe5 f6 27. Re3 Rd7 28.
Kg3 Ra8 29. Rde1 Kf7 30. Bb6 1-0

[Event "?"]
[Site "Siemens IMT Linz (02)"]
[Date "1993.??.??"]
[Round "?"]
[White "Holzmann, H."]
[Black "Humer, W."]
[Result "0-1"]
[WhiteElo "2295"]
[BlackElo "2275"]
[PlyCount "62"]

1. e4 d6 2. d4 Nf6 3. Nc3 g6 4. f4 Bg7 5. Nf3 O-O 6. Be2 c5 7. e5 Nfd7 8. exd6
exd6 9. O-O Nc6 10. dxc5 dxc5 11. Ne4 Nd4 12. Nxd4 Bxd4+ 13. Kh1 Nf6 14. Ng5
Ne8 15. c3 Bf6 16. Be3 Qe7 17. Qd2 Ng7 18. Rae1 h6 19. Nf3 Be6 20. Bf2 Rad8 21.
Qc1 Qc7 22. Bd1 Bc4 23. Rg1 Rfe8 24. Bb3 Bxb3 25. axb3 Nf5 26. Nd2 Qxf4 27.
Rxe8+ Rxe8 28. Bxc5 Bg5 29. Rd1 Re2 30. g3 Nxg3+ 31. hxg3 Qxg3 0-1

[Event "?"]
[Site "Siemens IMT Linz (02)"]
[Date "1993.??.??"]
[Round "?"]
[White "Casagrande, H."]
[Black "Kiss, L."]
[Result "1-0"]
[WhiteElo "2365"]
[BlackElo "2255"]
[PlyCount "119"]

1. c4 e6 2. g3 Nf6 3. Bg2 d5 4. Nf3 Be7 5. O-O O-O 6. d4 c6 7. Qc2 Ne4 8. Nfd2
f5 9. b3 Nd7 10. Bb2 Qe8 11. f3 Nxd2 12. Nxd2 f4 13. gxf4 Rxf4 14. e3 Rh4 15.
f4 Nf6 16. Nf3 Rh6 17. Ne5 Nd7 18. Rf3 Nxe5 19. fxe5 Qh5 20. h3 Bd7 21. Raf1
Be8 22. cxd5 exd5 23. Rf5 Qg6 24. Qf2 Bd7 25. Rf7 Qg5 26. Kh2 Be6 27. e4 Rg6
28. Rf5 Qh4 29. Qxh4 Bxh4 30. exd5 Bxf5 31. Rxf5 Rxg2+ 32. Kxg2 cxd5 33. e6 Rf8
34. e7 Bxe7 35. Rxd5 Bh4 36. Ba3 Rf2+ 37. Kh1 Rxa2 38. Bd6 Kf7 39. Be5 Ke6 40.
Rd6+ Ke7 41. d5 Re2 42. Re6+ Kf7 43. Bg3 Rxe6 44. dxe6+ Kxe6 45. Bxh4 Kf5 46.
Kg2 Ke4 47. Kg3 Kf5 48. Kf3 g5 49. Bf2 b6 50. Bg3 h5 51. Ke3 h4 52. Bb8 g4 53.
hxg4+ Kxg4 54. Bxa7 h3 55. Bb8 Kf5 56. Kd4 Ke6 57. Kc4 Kd7 58. Kb5 Kc8 59. Bh2
Kb7 60. Bg1 1-0

[Event "?"]
[Site "Siemens IMT Linz (02)"]
[Date "1993.??.??"]
[Round "?"]
[White "Portisch, F."]
[Black "Baumgartner, H."]
[Result "1/2-1/2"]
[WhiteElo "2400"]
[BlackElo "2330"]
[PlyCount "39"]

1. d4 Nf6 2. c4 e6 3. Nc3 Bb4 4. e3 O-O 5. Bd3 c5 6. Nf3 d5 7. O-O dxc4 8. Bxc4
Qe7 9. a3 Ba5 10. Qc2 Bd7 11. dxc5 Qxc5 12. Ne4 Nxe4 13. Qxe4 Bc6 14. Qd4 Qh5
15. Be2 Nd7 16. Bd2 Bc7 17. Bc3 Nf6 18. h3 Rfd8 19. Qc4 Qg6 20. Rfd1 1/2-1/2

[Event "?"]
[Site "Siemens IMT Linz (02)"]
[Date "1993.??.??"]
[Round "?"]
[White "Rolletschek, H."]
[Black "Honfi, K."]
[Result "1-0"]
[WhiteElo "2375"]
[BlackElo "2350"]
[PlyCount "71"]

1. e4 c5 2. Nf3 Nc6 3. d3 g6 4. g3 Bg7 5. Bg2 e6 6. O-O Nge7 7. c3 d5 8. Qe2 b6
9. e5 Ba6 10. Re1 h6 11. h4 Qc7 12. Bf4 Kd7 13. Nbd2 Rag8 14. Nf1 g5 15. hxg5
Ng6 16. Qe3 Nxf4 17. gxf4 hxg5 18. fxg5 Bf8 19. N1h2 Be7 20. Ng4 Ke8 21. d4 Rg6
22. Nf6+ Kf8 23. Bf1 Bxf6 24. exf6 Bxf1 25. Kxf1 c4 26. Ke2 Rgg8 27. Rh1 Qd6
28. Kd2 b5 29. Ne5 Nxe5 30. dxe5 Qc7 31. Rag1 Ke8 32. Rxh8 Rxh8 33. g6 fxg6 34.
Rxg6 Qh7 35. Qc5 Kd8 36. Qd6+ 1-0

[Event "?"]
[Site "Siemens IMT Linz (03)"]
[Date "1993.??.??"]
[Round "?"]
[White "Honfi, K."]
[Black "Holzmann, H."]
[Result "1-0"]
[WhiteElo "2350"]
[BlackElo "2295"]
[PlyCount "95"]

1. e4 c5 2. b3 e6 3. Bb2 Nf6 4. e5 Nd5 5. Nf3 Be7 6. d4 cxd4 7. Qxd4 f5 8. a3
d6 9. c4 dxe5 10. Nxe5 Nc7 11. Qe3 O-O 12. Nd2 Nd7 13. Ndf3 Nxe5 14. Nxe5 Ne8
15. Be2 Qc7 16. O-O a5 17. Bd4 Nf6 18. Bb6 Qb8 19. Rfd1 Bd6 20. Bd4 f4 21. Qxf4
Nd5 22. Qd2 Nf4 23. Qe3 Nxe2+ 24. Qxe2 Qc7 25. Nf3 b6 26. Be5 Bxe5 27. Qxe5 Qf7
28. Rd6 Rb8 29. Rad1 Rb7 30. Qd4 h6 31. Ne5 Qf6 32. Rd8 Re7 33. Rxf8+ Kxf8 34.
Rd3 Kg8 35. h4 Re8 36. g3 Qf5 37. Qg4 Qxg4 38. Nxg4 e5 39. Ne3 Kf7 40. Rd6 Re6
41. Rd8 Re8 42. Rxe8 Kxe8 43. Nd5 a4 44. b4 Be6 45. Nxb6 Ke7 46. Kg2 Kd6 47.
Kf3 Kc6 48. c5 1-0

[Event "?"]
[Site "Siemens IMT Linz (03)"]
[Date "1993.??.??"]
[Round "?"]
[White "Kranzl, P."]
[Black "Portisch, F."]
[Result "1/2-1/2"]
[WhiteElo "2310"]
[BlackElo "2400"]
[PlyCount "41"]

1. e4 e6 2. d4 d5 3. Nd2 c5 4. exd5 exd5 5. Ngf3 Nc6 6. Bb5 Bd6 7. dxc5 Bxc5 8.
O-O Nge7 9. Nb3 Bd6 10. Bg5 O-O 11. Bh4 Bg4 12. Bg3 Bxg3 13. hxg3 Qb6 14. Bxc6
bxc6 15. Qd4 Bxf3 16. gxf3 Qxd4 17. Nxd4 Rfc8 18. Rfd1 Rab8 19. Rab1 c5 20. Ne2
Rd8 21. Rd3 1/2-1/2

[Event "?"]
[Site "Siemens IMT Linz (03)"]
[Date "1993.??.??"]
[Round "?"]
[White "Kiss, L."]
[Black "Rolletschek, H."]
[Result "0-1"]
[WhiteElo "2255"]
[BlackElo "2375"]
[PlyCount "74"]

1. e4 e5 2. Nc3 Nc6 3. Bc4 Nf6 4. d3 Na5 5. Bb3 Nxb3 6. axb3 d5 7. exd5 Bb4 8.
Nge2 Nxd5 9. O-O O-O 10. Bd2 Be7 11. Nxd5 Qxd5 12. Nc3 Qc6 13. Qe2 Bd6 14. Ra4
b5 15. Qe4 Qxe4 16. Rxe4 Bd7 17. Ra1 a6 18. Ree1 f5 19. Na2 Bc6 20. c4 Bb7 21.
Rac1 c5 22. b4 cxb4 23. c5 Bc7 24. Bxb4 Bd5 25. Nc3 Bc6 26. Ne2 a5 27. Bd2 Rfd8
28. d4 Rd7 29. g3 Bf3 30. c6 Rd5 31. Nc3 Rxd4 32. Nxb5 Rxd2 33. Nxc7 Rc8 34.
Re3 e4 35. Nb5 Rxc6 36. Rec3 Rxc3 37. bxc3 e3 0-1

[Event "?"]
[Site "Siemens IMT Linz (03)"]
[Date "1993.??.??"]
[Round "?"]
[White "Humer, W."]
[Black "Lechtynsky, J."]
[Result "0-1"]
[WhiteElo "2275"]
[BlackElo "2380"]
[PlyCount "138"]

1. Nf3 Nf6 2. c4 e6 3. g3 d5 4. Bg2 dxc4 5. Qa4+ Bd7 6. Qxc4 Nc6 7. O-O Na5 8.
Qc2 c5 9. Ne5 Rc8 10. d3 Nc6 11. Nxd7 Qxd7 12. Nc3 Be7 13. Qa4 O-O 14. Bd2 Rfd8
15. Rfc1 Nd4 16. Qxd7 Rxd7 17. Kf1 b6 18. Ke1 h6 19. Nd1 Rcd8 20. Ne3 Nd5 21.
Rab1 Nxe3 22. fxe3 Nf5 23. g4 Bh4+ 24. Kf1 Ne7 25. b4 cxb4 26. Rxb4 Nd5 27.
Rbc4 Bg5 28. Kf2 Bh4+ 29. Kf3 Bg5 30. Rh1 f5 31. gxf5 Rf8 32. Bh3 exf5 33. Rd4
Bf6 34. Ra4 Re7 35. Rg1 Bg5 36. Kf2 Bxe3+ 37. Bxe3 Nxe3 38. Rg3 Nd1+ 39. Kf1 g5
40. Ra3 Ne3+ 41. Kf2 f4 42. Rg1 Rfe8 43. Rc1 g4 44. Bf1 Rg7 45. Kg1 f3 46. exf3
gxf3+ 47. Kf2 Ng4+ 48. Kg3 Ne3+ 49. Kf2 Nxf1 50. Kxf1 Re2 51. Rc8+ Kh7 52. Rf8
Rc7 53. Rxf3 Rxh2 54. Kg1 Rb2 55. Ra4 a5 56. Rf6 Rc1+ 57. Rf1 Rxf1+ 58. Kxf1
Rb4 59. Ra3 a4 60. Ke2 b5 61. Ke3 Kg6 62. Rc3 h5 63. Rc8 Rb2 64. a3 Rb3 65. Rb8
h4 66. Ke4 h3 67. d4 b4 68. d5 bxa3 69. Rg8+ Kf7 0-1

[Event "?"]
[Site "Siemens IMT Linz (03)"]
[Date "1993.??.??"]
[Round "?"]
[White "Baumgartner, H."]
[Black "Casagrande, H."]
[Result "0-1"]
[WhiteElo "2330"]
[BlackElo "2365"]
[PlyCount "62"]

1. d4 Nf6 2. c4 e6 3. Nf3 d5 4. Nc3 Be7 5. e3 {Aktiver ist} (5. Bf4) 5... O-O
6. Bd3 dxc4 7. Bxc4 c5 8. O-O a6 9. dxc5 Bxc5 10. a3 b5 $1 {Schwarz nutzt den
zahmen weisen Aufbau unverzuglich zu energischem Gegenspiel. Nach Damentausch
nebst ... Lb7 ware der schwarze Entwicklungsvorsprung bereits augenscheinlich.}
11. Bd3 Bb7 12. b4 Be7 13. Bb2 Nbd7 14. Qe2 Rc8 15. Rfd1 {Genauer war, wie
sich sogleich zeigt, 15.Tad1 und erst dann Tfd1, um die fol- gende
Umgruppierung zu unterbinden.} 15... Qc7 16. Rac1 Qb8 17. e4 Nb6 18. Rc2 $2 {
Damit verzichtet Weis ohne Not auf sein Lauferpaar. Nach dem besseren} (18. Nb1
$5 {nebst 19.Sbd2 behalt Weis die Kontrolle uber das Feld "c4" und nur das
mini- mal schlechtere Spiel.}) 18... Nc4 19. Bc1 Rfd8 20. a4 $2 {Im Bestreben,
sich nicht vollig in die Defensive drangen zu lassen, fuhrt der erste aktive
Zug des Anziehenden zu Bauern- und in der Folge zum Partieverlust} 20... Bxb4
21. axb5 axb5 22. Na2 {Damit gibt der "Alt"-Meister, der mit seinem
Turnierabschneiden kaum zufrieden gewesen sein durfte den Fehler im 20. Zug zu.
Etwas besser war} (22. Nxb5 {folgt} 22... Rxd3 23. Rxd3 Bxe4 {
obwohl Weis auch hier fur den Minusbauern keinerlei Kompensation besitzt.})
22... Be7 23. Bg5 $2 {Ein weiterer taktischer Schnitzer, der die im Kommentar
zum vorangegangenen Zug angebene Kombination nun unter noch gunstigeren
Bedingungen ermoglicht.} 23... Rxd3 $1 {Entscheidend!} 24. Rxd3 Bxe4 25. Nc3
Bxd3 26. Qxd3 Ne5 27. Nxe5 Qxe5 28. h4 h6 29. Bd2 {Oder} (29. Nd5 Qa1+ 30. Kh2
Bd6+) 29... b4 30. Ne4 Rd8 31. Qb3 Rxd2 $1 {und Schwarz streckte wegen} (31...
Rxd2 32. Nxd2 Qe1+ 33. Kh2 Ng4+ 34. Kg3 Qxf2+ 35. Kxg4 Qf5+ 36. Kg3 Bd6# {
matt die Waffen.}) 0-1

[Event "?"]
[Site "Siemens IMT Linz (04)"]
[Date "1993.??.??"]
[Round "?"]
[White "Holzmann, H."]
[Black "Lechtynsky, J."]
[Result "1/2-1/2"]
[WhiteElo "2295"]
[BlackElo "2380"]
[PlyCount "125"]

1. e4 c6 2. d4 d5 3. Nd2 dxe4 4. Nxe4 Nf6 5. Nxf6+ exf6 6. c3 Be6 7. Be2 Bd6 8.
Nf3 O-O 9. O-O Nd7 10. b3 Re8 11. Re1 Qa5 12. Bd2 Rad8 13. g3 g6 14. Kg2 Nb6
15. a3 Bc7 16. c4 Qf5 17. Bc3 Qh3+ 18. Kh1 Bg4 19. Ng1 Bxe2 20. Nxh3 Bxd1 21.
Raxd1 f5 22. Kg2 Rxe1 23. Rxe1 Nd7 24. a4 Bd6 25. Ng1 Nf6 26. f3 Ne8 27. Ne2 f6
28. Nc1 Kf7 29. Kf2 Rd7 30. Nd3 Nc7 31. Nc1 Ne6 32. Rd1 Be7 33. Ne2 a6 34. Ke3
Bd6 35. Rd2 Bf8 36. Rb2 Nc7 37. Kd3 Bd6 38. Bd2 Ne6 39. Be3 Bc7 40. Rb1 g5 41.
Bg1 a5 42. Kc2 Bd6 43. Rd1 Nc7 44. Bf2 Na6 45. Nc1 Nb4+ 46. Kb1 Bc7 47. Nd3 Na6
48. Kc1 b6 49. Rd2 Bd8 50. Ne1 Nb4 51. Nc2 Be7 52. Kd1 Nxc2 53. Kxc2 Bb4 54.
Rd3 Re7 55. Kd1 Rd7 56. Ke2 h5 57. h3 c5 58. d5 Ba3 59. Re3 Rd6 60. Kd3 Bb2 61.
Re1 Be5 62. Rg1 Rd8 63. Re1 1/2-1/2

[Event "?"]
[Site "Siemens IMT Linz (04)"]
[Date "1993.??.??"]
[Round "?"]
[White "Honfi, K."]
[Black "Kiss, L."]
[Result "1-0"]
[WhiteElo "2350"]
[BlackElo "2255"]
[PlyCount "107"]

1. e4 e6 2. d4 d5 3. Nc3 Nf6 4. Bg5 Be7 5. e5 Nfd7 6. Bxe7 Qxe7 7. f4 a6 8. Nf3
c5 9. Qd2 Nc6 10. O-O-O cxd4 11. Ne2 Nc5 12. Nexd4 O-O 13. Qe3 Bd7 14. g4 Rac8
15. g5 b5 16. h4 Rc7 17. h5 Rfc8 18. g6 h6 19. gxf7+ Qxf7 20. Nxc6 Rxc6 21. Nd4
R6c7 22. Rd2 b4 23. Rg2 Be8 24. Kb1 Qf8 25. f5 Kh7 26. Bd3 Kh8 27. fxe6 Nxd3
28. Qxd3 Qf4 29. Rf1 Qe4 30. Rf8+ Kh7 31. Qxe4+ dxe4 32. Nf5 Bxh5 33. Rxc8 Rxc8
34. Rxg7+ Kh8 35. Rg1 Rc5 36. Rh1 Bf3 37. Rxh6+ Kg8 38. Rg6+ Kh7 39. Rh6+ Kg8
40. Rg6+ Kh7 41. Rg7+ Kh8 42. Rd7 Rxe5 43. e7 Bh5 44. Ne3 Be8 45. Ra7 Bb5 46.
Kc1 Kg8 47. Ng4 Re6 48. Kd2 Rg6 49. Ra8+ Kg7 50. Ne3 Kf7 51. Ra7 Rd6+ 52. Ke1
Rh6 53. Nf5 Re6 54. e8=Q+ 1-0

[Event "?"]
[Site "Siemens IMT Linz (04)"]
[Date "1993.??.??"]
[Round "?"]
[White "Rolletschek, H."]
[Black "Baumgartner, H."]
[Result "0-1"]
[WhiteElo "2375"]
[BlackElo "2330"]
[PlyCount "78"]

1. e4 e5 2. Nf3 Nc6 3. Bb5 f5 4. d4 fxe4 5. Bxc6 dxc6 6. Nxe5 Qh4 7. Qe2 Be6 8.
Nd2 Nf6 9. O-O O-O-O 10. g3 Qh3 11. Nxe4 Bd5 12. f3 Bxe4 13. fxe4 Rxd4 14. Rf4
Qe6 15. c3 Rd8 16. Ng4 Nd5 17. Rf5 Bd6 18. Bg5 Rde8 19. Re1 h6 20. Bd2 g6 21.
Rff1 h5 22. Nf2 Nf6 23. Bg5 Nh7 24. Be3 a6 25. b3 Rhf8 26. Bh6 Rf7 27. Nd3
Rxf1+ 28. Kxf1 h4 29. Bf4 hxg3 30. Bxg3 Bxg3 31. hxg3 Qh3+ 32. Qg2 Qh5 33. Nf4
Rf8 34. Kg1 Qg4 35. Re3 Qd1+ 36. Kh2 g5 37. Rd3 Qb1 38. Qh3+ Kb8 39. Qxh7 gxf4
0-1

[Event "?"]
[Site "Siemens IMT Linz (04)"]
[Date "1993.??.??"]
[Round "?"]
[White "Casagrande, H."]
[Black "Kranzl, P."]
[Result "1-0"]
[WhiteElo "2365"]
[BlackElo "2310"]
[PlyCount "85"]

1. d4 Nf6 2. c4 c5 3. Nf3 cxd4 4. Nxd4 e5 5. Nb5 d5 6. cxd5 Bc5 7. e3 O-O 8.
N5c3 Bf5 9. a3 Nbd7 10. Nd2 e4 11. b4 Bd6 12. Nc4 Ne5 13. Bb2 Nxc4 14. Bxc4 a6
15. Ne2 Re8 16. Ng3 Bg6 17. O-O Nd7 18. Be2 Qg5 19. Rc1 Rad8 20. b5 a5 21. Qd2
h5 22. Qxa5 h4 23. Nh1 Bf5 24. Rfd1 Bh3 25. g3 Be5 26. Bd4 Bg4 27. Qe1 Bf3 28.
Bxf3 exf3 29. Bxe5 Nxe5 30. Qb4 Ng6 31. Qc4 Re5 32. d6 Rxb5 33. d7 Nf8 34. Qe4
Qf5 35. Qxf5 Rxf5 36. Rc7 Ra5 37. Rc8 Rxd7 38. Rxd7 Rxa3 39. Rd1 g5 40. gxh4
gxh4 41. h3 Kg7 42. Rc4 Ng6 43. Rb4 1-0

[Event "?"]
[Site "Siemens IMT Linz (04)"]
[Date "1993.??.??"]
[Round "?"]
[White "Portisch, F."]
[Black "Humer, W."]
[Result "1-0"]
[WhiteElo "2400"]
[BlackElo "2275"]
[PlyCount "107"]

1. d4 Nf6 2. c4 c5 3. d5 b5 4. cxb5 a6 5. e3 Bb7 6. Nc3 Qa5 7. Bd2 axb5 8. Bxb5
Qb6 9. Nge2 Nxd5 10. O-O Nxc3 11. Nxc3 g6 12. Qb3 Bg7 13. Na4 Qe6 14. Qxe6 fxe6
15. Nxc5 Bc6 16. Bxc6 Nxc6 17. Rfb1 Kf7 18. a4 d6 19. Ne4 d5 20. Ng5+ Kf6 21.
f4 h6 22. Bc3+ e5 23. Nf3 Kf5 24. Nh4+ Ke4 25. Nxg6 Rhb8 26. Nxe5 Bxe5 27. fxe5
Rb3 28. Kf2 Nxe5 29. Bxe5 Kxe5 30. a5 Ra6 31. Ra2 Kd6 32. Rc1 Rb5 33. Rc8 e5
34. g4 d4 35. exd4 exd4 36. Rd8+ Ke5 37. Kg3 Rb3+ 38. Kh4 d3 39. Ra4 Rxb2 40.
Rxd3 Rxh2+ 41. Kg3 Rb2 42. Rf3 Rb1 43. Rf5+ Ke6 44. Raf4 Ra8 45. Rf6+ Ke5 46.
R4f5+ Ke4 47. Re6+ Kd4 48. Rxh6 Rg1+ 49. Kf4 Rf1+ 50. Kg5 Ra1 51. a6 Rg1 52.
Rg6 Ke4 53. Ra5 Ra7 54. Rb6 1-0

[Event "?"]
[Site "Siemens IMT Linz (05)"]
[Date "1993.??.??"]
[Round "?"]
[White "Baumgartner, H."]
[Black "Honfi, K."]
[Result "0-1"]
[WhiteElo "2330"]
[BlackElo "2350"]
[PlyCount "182"]

1. Nf3 Nf6 2. g3 d5 3. Bg2 c6 4. O-O Bf5 5. d3 e6 6. b3 Be7 7. Bb2 O-O 8. Nh4
Bg4 9. h3 Bh5 10. g4 Nfd7 11. Nf5 exf5 12. gxh5 Bf6 13. d4 Nb6 14. Qd3 Qd7 15.
c3 Re8 16. Nd2 Qe6 17. Rfe1 N8d7 18. Nf1 Nc8 19. Bc1 Nd6 20. Bf4 Be7 21. f3 Nf6
22. Ng3 g6 23. hxg6 hxg6 24. e3 Bf8 25. Re2 Qd7 26. Rae1 Re6 27. Kf2 Rae8 28.
h4 Nc8 29. h5 Bd6 30. hxg6 fxg6 31. Bxd6 Nxd6 32. Rh1 R8e7 33. Ree1 Qe8 34. Bh3
Nh7 35. c4 Ng5 36. c5 Ndf7 37. Bxf5 Rf6 38. f4 Rxf5 39. Nxf5 Ne4+ 40. Kf3 gxf5
41. Qc2 Re6 42. Qg2+ Kf8 43. Rh7 Nf6 44. Qg7+ Ke7 45. Rh6 Qf8 46. Qxf8+ Kxf8
47. Rg6 Ke7 48. Rh1 Re4 49. Ke2 Ng4 50. Rh3 Kf8 51. b4 a6 52. Kd2 Re8 53. Ke2
Re7 54. a4 Ke8 55. Kd2 Kd7 56. b5 axb5 57. axb5 Re6 58. Rg7 Ke7 59. Rg8 Ngh6
60. Rb8 Nd8 61. b6 Kd7 62. Rh5 Rf6 63. Rg5 Nhf7 64. Rg7 Ke6 65. Kd3 Rh6 66. Rg1
Rh2 67. Rc8 Rh6 68. Rg8 Ke7 69. Rc7+ Kf6 70. Rf8 Rh8 71. Rfxf7+ Nxf7 72. Rxb7
Rh1 73. Kc2 Rh2+ 74. Kc3 Re2 75. Rxf7+ Kxf7 76. b7 Rxe3+ 77. Kb4 Re1 78. Ka5
Rb1 79. Ka6 Rb4 80. Ka7 Rxd4 81. Kb6 Rb4+ 82. Kxc6 d4 83. Kc7 d3 84. b8=Q Rxb8
85. Kxb8 d2 86. c6 d1=Q 87. c7 Qb3+ 88. Ka7 Qa4+ 89. Kb7 Qb5+ 90. Ka8 Qc6+ 91.
Kb8 Ke6 0-1

[Event "?"]
[Site "Siemens IMT Linz (05)"]
[Date "1993.??.??"]
[Round "?"]
[White "Kiss, L."]
[Black "Holzmann, H."]
[Result "1-0"]
[WhiteElo "2255"]
[BlackElo "2295"]
[PlyCount "81"]

1. e4 c5 2. d4 cxd4 3. c3 d5 4. exd5 Qxd5 5. cxd4 Nf6 6. Nc3 Qa5 7. Bc4 e6 8.
Nf3 Bb4 9. Bd2 O-O 10. O-O Qc7 11. Qe2 Nc6 12. Rac1 Qd8 13. Rfd1 Be7 14. a3 a6
15. Bf4 Nd5 16. Bg3 Re8 17. h4 Nxc3 18. Rxc3 Bf6 19. Re3 Bd7 20. d5 exd5 21.
Bxd5 Rxe3 22. Qxe3 Qe8 23. Qb3 Be6 24. Bxe6 Qxe6 25. Qxb7 Rd8 26. Re1 Qc8 27.
Qb6 Nd4 28. Nd2 Nc2 29. Re2 h6 30. Ne4 Bd4 31. Qb3 Na1 32. Qf3 Qc1+ 33. Kh2
Bxb2 34. Nd6 Bf6 35. Qb7 Qd1 36. Qxf7+ Kh7 37. Re6 Qd4 38. Nf5 Qb2 39. h5 Nc2
40. Nxh6 Kxh6 41. Qg6# 1-0

[Event "?"]
[Site "Siemens IMT Linz (05)"]
[Date "1993.??.??"]
[Round "?"]
[White "Kranzl, P."]
[Black "Rolletschek, H."]
[Result "0-1"]
[WhiteElo "2310"]
[BlackElo "2375"]
[PlyCount "92"]

1. e4 e5 2. Nc3 Nc6 3. f4 exf4 4. d4 Qh4+ 5. Ke2 g5 6. Nf3 Qh5 7. g4 fxg3 8.
Bxg5 d6 9. Bg2 Bg4 10. Be3 gxh2 11. Qe1 Nf6 12. Qg3 Rg8 13. Qxh2 Qxh2 14. Rxh2
O-O-O 15. Kd3 d5 16. Nxd5 Nxd5 17. exd5 Nb4+ 18. Kd2 Nxd5 19. Rxh7 Bf5 20. Bh3
Bxh3 21. Rxh3 Rg2+ 22. Kd3 Nb4+ 23. Kc4 Nxc2 24. Ne1 Nxe3+ 25. Rxe3 Rxb2 26.
Nd3 Rh2 27. Re4 f5 28. Rf4 Bh6 29. Rxf5 Rh4 30. Nc5 Rhxd4+ 31. Kb3 R4d5 32.
Raf1 Rxf5 33. Rxf5 b6 34. Ne4 Rd3+ 35. Kc4 Ra3 36. Rf2 a5 37. Rh2 Bg7 38. Rg2
Ra4+ 39. Kd3 Rd4+ 40. Ke3 Rd7 41. Rg6 Kb7 42. Ng3 Bd4+ 43. Ke4 Bf2 44. Nf5 b5
45. Rg2 Bc5 46. Rb2 c6 0-1

[Event "?"]
[Site "Siemens IMT Linz (05)"]
[Date "1993.??.??"]
[Round "?"]
[White "Humer, W."]
[Black "Casagrande, H."]
[Result "0-1"]
[WhiteElo "2275"]
[BlackElo "2365"]
[PlyCount "60"]

1. Nf3 Nf6 2. c4 c5 3. Nc3 e6 4. g3 b6 5. Bg2 Bb7 6. O-O d5 7. cxd5 Nxd5 8. d4
Nd7 9. Nxd5 Bxd5 10. Re1 Bb7 11. e4 cxd4 12. Qxd4 Nc5 13. Bf4 Qxd4 14. Nxd4 Nd3
15. Nb5 Nxe1 16. Nc7+ Ke7 17. Rxe1 Rd8 18. b3 Rd7 19. Nb5 Ba6 20. Nc7 Bd3 21.
h4 Kd8 22. Rc1 Bd6 23. Bg5+ Be7 24. Bf4 h6 25. a4 Bd6 26. Bxd6 Rxd6 27. e5 Rd7
28. Nb5 Bxb5 29. axb5 Ke7 30. Bc6 Rc7 0-1

[Event "?"]
[Site "Siemens IMT Linz (05)"]
[Date "1993.??.??"]
[Round "?"]
[White "Lechtynsky, J."]
[Black "Portisch, F."]
[Result "1/2-1/2"]
[WhiteElo "2380"]
[BlackElo "2400"]
[PlyCount "34"]

1. c4 Nf6 2. g3 g6 3. Bg2 Bg7 4. Nf3 O-O 5. O-O d6 6. d4 Nbd7 7. b3 e5 8. dxe5
Nxe5 9. Nxe5 dxe5 10. Ba3 Qxd1 11. Rxd1 Re8 12. Nc3 Bf5 13. h3 h6 14. Rd2 Rad8
15. Rad1 Rxd2 16. Rxd2 e4 17. e3 Nh7 1/2-1/2